000 01020nac a22004090a 4500
001 PT54342
003 AR-LpoUNG
005 20210201005528.0
008 201001s1993||||sp |||||||||||||||||spa d
020 _a847583535X
_c$28
040 _aAR-LpoUNG
_bspa
_eaacr
041 _aspa
044 _asp
082 0 _aR909 794mes-v1
100 1 _aRoaf, Michael
245 1 0 _aMesopotamia y el antiguo Oriente Medio
260 _aBarcelona :
_bFolio,
_c1993.
300 _a128 p. :
_bil., mapas, gráfs., fot.
_3Impreso
490 0 _aAtlas culturales del mundo
650 4 _aAGRICULTURA
650 4 _aANALISIS HISTORICO
650 4 _aARTE
650 4 _aASPECTOS GEOGRAFICOS
650 4 _aATLAS
650 4 _aCIVILIZACION
650 4 _aCOMERCIO
650 4 _aCULTURA
650 4 _aFACTORES CULTURALES
650 4 _aGUERRA
650 4 _aHISTORIA
650 4 _aMATERIAL DE REFERENCIA
650 4 _aORIENTE MEDIO
650 4 _aRELIGION
651 4 _aMundial
905 _a54342
942 _cLSALA
999 _c50078
_d50078